000 00751nam a22002177a 4500
005 20081020105250.0
008 081020t xxu||||| |||| 00| 0 eng d
010 _aENG-84436
020 _a818324159X
020 _c250.00 (hb)
035 _aEN-67969
082 _a929.5 / MAZ
100 _aMazumdar, Aurobindo
245 _aVande mataram and Islam /
_cby Aurobindo Mazumdar
260 _aNew Delhi
_bMittal Publications
260 _c2007
300 _aviii,107p
_c22cm
500 _aIncludes bibliographical references and index
942 _2ddc
_cEN
_h929.5
_mMAZ
999 _c17746
_d17746